000 00351 a2200121 4500
001 ART_2133
005 20260410161723.0
008 260409a
245 1 0 _aLa excelencia, segunda parte
100 1 _aHermida, José
700 1 _aSerra, Roberto
773 0 _tAdministración de empresas
_g- Año XVI, Nº 188 (nov. 1985)
_wREV2036
999 _c17113
_d17113